000 00378pab a2200157 454500
008 180718b2009 xxu||||| |||| 00| 0 eng d
100 _aEasterly, William
245 _aCan the west save Africa?
260 _c2009
300 _ap.373-447.
362 _aJun
650 _aInternational relations
773 _aJournal of Economic Literature
908 _aN
909 _a83387
999 _c83387
_d83387